Normal view
MARC view
- Calculus
Entry Topical Term
001 - CONTROL NUMBER
- control field: 103130
003 - CONTROL NUMBER IDENTIFIER
- control field: NUST
005 - DATE AND TIME OF LATEST TRANSACTION
- control field: 20221119124912.0
008 - FIXED-LENGTH DATA ELEMENTS
- fixed length control field: 221119|| aca||aabn | a|a d
040 ## - CATALOGING SOURCE
- Original cataloging agency: NUST
- Transcribing agency: NUST
150 ## - HEADING--TOPICAL TERM
- Topical term or geographic name entry element: Calculus
- General subdivision: Analytic geometry
670 ## - SOURCE DATA FOUND
- Source citation: Work cat.: (NUST)188390: Barker,William 103129, The Calculus Companion / , 1992
